| 000 | 00609nam a22002051a 4500 | ||
|---|---|---|---|
| 001 | 2502 | ||
| 003 | OSt | ||
| 005 | 20260204211815.0 | ||
| 008 | 040309s1994||||sp ||||||b||||||||||spa|| | ||
| 020 | _a8487567843 | ||
| 050 | _a381.15 V71e | ||
| 082 | _a381.15 V71e | ||
| 100 | _aVilaseca Requea, Jordi | ||
| 245 | _aLos esfuerzos de sisifo: la integración económica en América Latina y el Caribe / Jordi Vilaseca Requea | ||
| 264 | _aEspaña : Los Libros de las Cataratas | ||
| 300 | _a223 p. | ||
| 500 | _aIncluye bibliografía. | ||
| 650 | _a1.Comercio Interregional 2.EconomíaÌ | ||
| 942 |
_2ddc _cBK |
||
| 999 |
_c2502 _d2502 |
||